000 00641nam a22001697a 4500
020 _qHard Cover.
082 _a629.8
100 _aMuhammad Faisal.
245 _aModeling and analysis of different control techniques on industrial robotic three degree of freedom crane /
_cMuhammad Faisal.
260 _aIslamabad:
_bSMME - NUST,
_c2015.
300 _a63 p. :
_bill. ;
_c30cm.
650 _aRobotics and Intelligent Machine Engineering MS-Thesis.
_916127
700 _aDr. Mohsin Jamil
_916128
856 _uhttp://10.250.8.41:8080/xmlui/handle/123456789/9298
942 _2ddc
_cTHE
999 _c541180
_d541180